| 000 | 00356nam a22001571a 4500 | ||
|---|---|---|---|
| 020 | _a8174833779 | ||
| 082 |
_aH3 _bDAS/N |
||
| 100 | _aDasharath Ojha | ||
| 245 |
_aNivedita/ _cby Dasharath Ojha |
||
| 260 |
_aNew Delhi: _bRajpal, _c2000. |
||
| 300 | _a255p. | ||
| 650 | _aNovel Hindi | ||
| 650 | _aLiterature Hindi | ||
| 650 | _aLiterature | ||
| 942 | _cBK | ||
| 999 |
_c31623 _d31623 |
||